000 007020000a22002530004500
082 _a628.092
_bEi83e
518 _a2002102
530 _aM
100 _aEisenbud, Merril
245 _aAn environmental odyssey; people, pollution, and politics in the life of a practical scientist
020 _a0-295-96949-0
260 _aNew Delhi
_bS. G. Wasani for Macmillan India, India
260 _c1990
300 _axi,264p.
041 _aEng
500 _aInclude bibliographies
650 _aEnvironmental engineering
650 _aPollution
650 _aHygiene
650 _aEnvironmental protection
650 _aEnvironmental engineers
650 _aIndustrial hygiene
942 _cGEN
999 _c28050
_d28050